USE OF HYPERIMMUNE MOUSE ASCITIC FLUIDS FOR ARBOVIRUS DIFFERENTIATION BY INDIRECT IMMUNOFLUORESCENCE AND CONVENTIONAL SEROLOGY

Bibliographic Details
Main Authors: Hronovský, V. (Author), Benda, R. (Author)
Format: Article
Language:English

MARC

LEADER 00000nab a2200000uu 4500
001 vtls011455969
003 SK-MaSNL
005 20260303151521.0
008 230222|1981 xo |||||||||||||||||eng|
015 |a SNBRB 
035 |a (urnnbn)urn:nbn:sk:snk:ar-a080ml 
035 |a (uuid)03797676-37b0-410a-83c2-48f7b0671d6f 
035 |a urn:nbn:sk:snk-abcqw8 
040 |a SNKBUCL  |b slo  |c SNKBUCL  |e AACR2 
041 0 |a eng 
044 |a xo  |c SK 
100 1 |a Hronovský, V.  |4 aut  |9 1006898 
245 1 0 |a USE OF HYPERIMMUNE MOUSE ASCITIC FLUIDS FOR ARBOVIRUS DIFFERENTIATION BY INDIRECT IMMUNOFLUORESCENCE AND CONVENTIONAL SEROLOGY  |c V. Hronovský, R. Benda 
700 1 |a Benda, R.  |4 aut  |9 1171010 
773 0 |t Acta virologica  |g Roč. 25, č. 5 (1981), s. 295-303 
958 |a OND 
958 |a EUIPO 
958 |a article16 
999 |c 2018039  |d 2019969